000 01258nam a22002657a 4500
001 TZ 0071
003 gtcocun
005 20251003181203.0
006 a||||gr|||| 00| 0
007 ta
008 251003b2021 gt ||||| m||| 00| 0 eng d
040 _agtcocun
_bSPA
_cgtcocun
_eRDA
041 _aSPA TZ 0071
084 _0TZ 0071
100 _aCaal Rosales, Magnolia Ketzali
_eAutor
245 _aINFORME FINAL DEL EJERCICIO PROFESIONAL SUPERVISADO, REALIZADO EN LA UNIDAD DE GESTIÓN AMBIENTAL MUNICIPAL Y EN LA ONG HEIFER INTERNACIONAL GUATEMALA, EN EL MUNICIPIO DE CHISEC, ALTA VERAPAZ./
_cMagnolia Ketzali Caal Rosales.
_hImpreso
264 _aCobán, Alta Verapaz:
_bUniversidad de San Carlos de Guatemala, Centro Universitario del Norte, Zootecnia
_c2021
300 _a105 p.:
_bIlustraciones, gráficas.
_c28 cm;
502 _eTZ 0071
502 _aTesis de grado
_bZootecnia,
_cUniversidad de San Carlos de Guatemala, Centro Universitario del Norte, Zootecnia
_d2021
_oTZ 0071
650 1 4 _2LEMB
_aChisec, Alta Verapaz.
_xZootecnia
_xGestión ambiental
_xDiagnostico
_xAbejas
_xApiario
_xE. Coli
700 _eAsesor
856 _uSin archivo en línea.
_zSin archivo en línea.
942 _2ddc
_cTES
_iTZ 0071
_kClasificación
_n0
_6TZ_0071_000000000000000
999 _c2222
_d2222